Online Catalogue and eLibrary

English publications in Ceylon in the nineteenth century (Record no. 3412)

MARC details
000 -LEADER
fixed length control field 00415nam a2200145Ia 4500
005 - DATE AND TIME OF LATEST TRANSACTION
control field 20241220023622.0
008 - FIXED-LENGTH DATA ELEMENTS--GENERAL INFORMATION
fixed length control field 240331s9999 xx 000 0 und d
082 ## - DDC Classification
Item Number - Author Mark KAR
Class No. 828
100 ## - MAIN ENTRY--PERSONAL NAME
Personal name Karunatilake, H.N.S
245 #0 - TITLE STATEMENT
Title English publications in Ceylon in the nineteenth century
260 ## - PUBLICATION, DISTRIBUTION, ETC.
Place of publication, distribution, etc. Dehiwala
Name of publisher, distributor, etc. Sridevi Printers ( Private) Limited
Date of publication, distribution, etc. 1989
300 ## - PHYSICAL DESCRIPTION
Extent (e.g. Volumes, Pages etc.) 103 p .,
650 ## - SUBJECT ADDED ENTRY--TOPICAL TERM
Topical term or geographic name entry element English literature
942 ## - Koha item type (Biblio)
Koha item type Books in Stacks (Lending)
Holdings
Lost status Damaged status Collection code Home library Current library Shelving location Date acquired Full call number Accession Number Item type
    Lending WERC Library WERC Library Social Science Cupboard 03/31/2024 828 KAR 10 Books in Stacks (Lending)

© WERC Library